Daniel Caesar song by the feature - Statistics

General Stats
  • This quiz has been taken 7 times
  • The average score is 14 of 26
Answer Stats
Album Answer Feature % Correct
Freudian Get You Kali Uchis
86%
Son Of Spergy Moon Bon Iver
86%
Son Of Spergy Baby Blue Norwill Simmonds
71%
Freudian Best Part H.E.R.
71%
NEVER ENOUGH Disillusioned serpentwithfeet
71%
NEVER ENOUGH Homiesexual Ty Dolla $ign
71%
Son Of Spergy Rain Down Sampha
71%
Singles Rearrange My World Rex Orange County
71%
CASE STUDY 01 SUPERPOSITION John Mayer
71%
Freudian Take Me Away Syd
71%
Freudian Transform Charlotte Day Wilson
71%
CASE STUDY 01 FRONTAL LOBE MUZIK Pharrell Williams
57%
Singles Please Do Not Lean BADBOYNOTGOOD
57%
NEVER ENOUGH Toronto 2014 Mustafa
57%
Son Of Spergy Touching God Yebba, Blood Orange
57%
NEVER ENOUGH Buyer's Remorse Omar Apollo
43%
CASE STUDY 01 LOVE AGAIN Brandy
43%
Singles Love Again Brandy
43%
Singles The Field Blood Orange, Tariq Al-Sabir, Caroline Polachek
43%
Singles There's A Field (That's Only Yours) Rex Orange County
43%
Singles Figures, a Reprise Jessie Reyez
29%
Pilgrim's Paradise Paradise BADBOYNOTGOOD, Sean Leon
29%
CASE STUDY 01 RESTORE THE FEELING Sean Leon, Jacob Collier
29%
Son Of Spergy No More Loving (On Woman I Don't Love) 646yf4t
14%
Singles Time Alone With You Jacob Collier
14%
Son Of Spergy Sins Of A Father Bon Iver
0%
No matching quizzes found
Score Distribution
Percent of People with Each Score
Percentile by Number Answered
Your Score History
You have not taken this quiz